000 00433nam a2200181Ia 4500
008 151202s9999||||xx |||||||||||||| ||und||
082 _bPNVM-84609
100 _aSutton Rodney.
245 _aAdventure Stories.
260 _b"ARMADA ,LONDON."
260 _c1992
300 _a174
600 _aSutton Rodney.
630 _aAdventure Stories.
700 _aSutton Rodney.
730 _aAdventure Stories.
942 _cBOOK
999 _c1349461
_d1349458